Biblioteca

Al otro lado de la niebla (Registro nro. 69230)

Detalles MARC
000 -LÍDER
Campo fijo de descripción fija 01854aam a2200301 i 4500
001 - NÚMERO DE CONTROL
Campo de control 768714001
003 - IDENTIFICADOR DEL NÚMERO DE CONTROL
Campo de control CO-MdFUSB
005 - FECHA Y HORA DE LA ULTIMA TRANSACCIÓN
control field 20231110145849.0
007 - CAMPO FIJO DE DESCRIPCIÓN FIJA--INFORMACIÓN GENERAL
Campo fijo de descripción fija ta
008 - ELEMENTOS DE LONGITUD FIJA -- INFORMACIÓN GENERAL
Campo fijo de descripción fija -- Información general 231030t20052005spaa||ag |||| 00| 0 spa d
020 ## - NÚMERO INTERNACIONAL NORMALIZADO PARA LIBROS
Número Internacional Normalizado del libro 8496463168
040 ## - FUENTE DE CATALOGACIÓN
Agencia de catalogación original CO-MdFUSB
Idioma de catalogación spa
Agencia que realiza la transcripción CO-MdFUSB
Agencia que realiza la modificación CO-MdFUSBC
Convenciones de la descripción rda
041 ## - CÓDIGO DE IDIOMA
Código de idioma para texto/pista de sonido o título separado spa
082 ## - NÚMERO DE CLASIFICACIÓN DECIMAL DEWEY
Número de la edición del Dewey 23
Número de clasificación 863.7
Clave de autor-Numero de item AR783
100 ## - ASIENTO PRINCIPAL--NOMBRE PERSONAL
Nombre personal Arsuaga, Juan Luis,
Término relacionador autor
245 14 - TÍTULO
Título del Material Al otro lado de la niebla
Parte restante del título - Subtitulo : las aventuras de un hombre en la edad de piedra
Mención de responsabilidad, etc. / Juan Luis Arsuaga
264 #1 - PRODUCCIÓN, PUBLICACIÓN, DISTRIBUCIÓN, MANUFACTURA, Y COPYRIGHT
Lugar de producción, publicación, distribución, manufactura Madrid, España :
Nombre del productor, publicador, distribuidor Suma de Letras,
Fecha de producción, publicación, distribución, manufactura, o copyright [2005]
264 #4 - PRODUCCIÓN, PUBLICACIÓN, DISTRIBUCIÓN, MANUFACTURA, Y COPYRIGHT
Fecha de producción, publicación, distribución, manufactura, o copyright ©2005
300 ## - DESCRIPCIÓN FÍSICA
Extensión 299 páginas
Dimensiones ; 25 cm
336 ## - TIPO DE CONTENIDO
Fuente rdacontent
Término de tipo de contenido texto
Código de tipo de contenido txt
337 ## - TIPO DE MEDIO
Fuente rdamedia
Nombre del tipo de medio sin mediación
Código del tipo de medio n
338 ## - TIPO DE SOPORTE
Fuente rdacarrier
Nombre del tipo de soporte volumen
Código Tipo de soporte nc
520 ## - NOTA DE RESUMEN, ETC.
Nota de sumario, etc. Hace muchos miles de años, en un mundo que poco tiene que ver con el actual pero que también era el nuestro, un muchacho sin nombre al que llaman Piojo y que sólo ha conocido la crueldad del hombre que le cuida desde que quedara huérfano, decide emprender por sí mismo la lucha por la existencia. De manera fortuita, el joven se cruzará en su camino con los hombres-águila, entre los que encontrará a su primer amigo, el orgulloso Viento del Norte, y a su amor verdadero, la inolvidable Gata. Serán precisamente la amistad traicionada y el amor perdido los que impulsen a Piojo a una terrible aventura entre los caníbales del Desierto de los Demonios Danzantes y a una vida solitaria y errante. Capaz de ver el mundo que le rodea con la luz y la mirada del artista y de arrostrar los peligros que se le presentan con la serenidad de los auténticos héroes, Piojo sabrá hacer caso de sus sueños y conseguirá por fin un nombre y un lugar en su mundo… y en el nuestro.
563 ## - NOTA DE ENCUADERNACIÓN
Nota de encuadernación Pasta dura.
653 ## - TÉRMINO DE INDIZACIÓN - NO CONTROLADO
Término no controlado Literatura española Siglo XXI
942 ## - TIPO DE MATERIAL (KOHA)
Tipo de Item KOHA Libros General
945 ## - INFORMACIÓN LOCAL DEL REGISTRO
Catalogador sor1564
Existencias
Estado de Material Estado de Perdido Forma de Clasificación Estado de Dañado No para Préstamo Colección Biblioteca de Origen Biblioteca Permanente Fecha de Adquisición Área Total de Préstamos Signatura Topográfica Código de Barras Última vez visto Ejemplar/Existencia Fecha de Remplazo Tipo de Material
    Dewey Decimal Classification     Colección General Biblioteca FUSBC Biblioteca FUSBC 30/10/2023 LITERATURA   G 863.7 AR783o 22355 30/10/2023 Ej. 1 30/10/2023 Libros General

Biblioteca FUSBC | Teléfono: (57+4) 349 88 10 Ext. 141| WhatsApp (+57) 3005338115 
E-mail: biblioteca@unisbc.edu.co | Calle 76 87-14 Robledo Palenque, Medellín, Colombia

Con tecnología Koha